00521nam a2200085Ia 4500008004100000245003100041300027700072650002800349856005800377170517s9999 xx 000 0 und d aSuper Rich: The Greed Game aAs the credit crunch bites and a global economic crisis threatens, Robert Peston reveals how the super-rich have made their fortunes, and the rest of us are picking up the bill. Robert Peston, the BBC's Business Editor, speaks to some of the heavy hitters in hedge-fund... xBusiness and Economics. uhttp://topdocumentaryfilms.com/super-rich-greed-game/